[Event "NZL-ch op-A 130th"]
[Site "Wellington"]
[Date "2023.01.10"]
[Round "9"]
[White "Van der Hoorn, Thomas"]
[Black "Ha, Timothy Huy Minh"]
[Result "1-0"]
[WhiteElo "2068"]
[BlackElo "1812"]
[PlyCount "125"]
[EventDate "2023.01.02"]
[EventType "swiss"]
[EventRounds "9"]
[EventCountry "NZL"]
[SourceTitle "EXT 2024"]
[Source "ChessBase"]
[SourceDate "2023.10.10"]
[SourceVersion "1"]
[SourceVersionDate "2023.10.10"]
[SourceQuality "1"]

1. e4 e5 2. Nf3 Nc6 3. Bb5 a6 4. Ba4 Nf6 5. 0-0 Be7 6. Re1 b5 7. Bb3 0-0 8. h3 d6 9. c3 Na5 10. Bc2 c5 11. d4 Qc7 12. Nbd2 Bd7 13. d5 c4 14. Nf1 Nb7 15. Ng3 Nc5 16. Nh4 g6 17. Nf3 Ne8 18. Bh6 Ng7 19. Nh2 Qc8 20. Rf1 Bh4 21. Nf3 Bxg3 22. fxg3 f5 23. exf5 Bxf5 24. Ng5 Bd3 25. Bxd3 Nxd3 26. Rxf8+ Qxf8 27. Qe2 Qe7 28. Ne4 Nf5 29. Bg5 Nxg3 30. Qg4 Qa7+ 31. Kh2 Nxe4 32. Qxe4 Rf8 33. Be3 Qf7 34. b3 Qf5 35. Qh4 e4 36. bxc4 bxc4 37. Rb1 Qe5+ 38. Kh1 Qxd5 39. Bh6 Re8 40. Rf1 Qe6 41. Rb1 Qf7 42. Be3 Qe7 43. Qh6 Qg7 44. Qg5 Ne5 45. Rb6 Nf7 46. Qd5 Qxc3 47. Bd4 Qe1+ 48. Kh2 Qf1 49. Rb2 Qf4+ 50. g3 Qf5 51. Qxc4 d5 52. Qxa6 Ne5 53. Qb5 Nf3+ 54. Kg2 Qf7 55. Be3 Ne1+ 56. Kh2 Nf3+ 57. Kg2 d4 58. Bf4 Ne1+ 59. Kg1 Nd3 60. Rc2 Nxf4 61. gxf4 d3 62. Rg2 Qxf4 63. Qxe8+ 1-0

[Event "NZL-ch op-A 130th"]
[Site "Wellington"]
[Date "2023.01.02"]
[Round "1"]
[White "Timergazi, Layla"]
[Black "Ha, Timothy Huy Minh"]
[Result "1/2-1/2"]
[WhiteElo "2005"]
[BlackElo "1812"]
[PlyCount "80"]
[EventDate "2023.01.02"]
[EventType "swiss"]
[EventRounds "9"]
[EventCountry "NZL"]
[SourceTitle "EXT 2024"]
[Source "ChessBase"]
[SourceDate "2023.10.10"]
[SourceVersion "1"]
[SourceVersionDate "2023.10.10"]
[SourceQuality "1"]

1. d4 d5 2. c4 e6 3. Nc3 Nf6 4. Nf3 a6 5. cxd5 exd5 6. Bg5 Be7 7. e3 0-0 8. Bd3 h6 9. Bh4 c6 10. 0-0 Ne8 11. Bxe7 Qxe7 12. Ne5 Nd6 13. Na4 Bf5 14. Nc5 Nd7 15. Nexd7 Bxd7 16. Qd2 Bf5 17. Bxf5 Nxf5 18. Rac1 Nd6 19. Qc2 Rfe8 20. b3 Ne4 21. Nd3 Nd6 22. Rce1 Qe4 23. f3 Qg6 24. e4 Nb5 25. Qf2 f6 26. Nf4 Qf7 27. a4 Nd6 28. Qc2 Rad8 29. g4 dxe4 30. fxe4 Qd7 31. Qg2 Nf7 32. d5 cxd5 33. Nxd5 Qd6 34. h4 Re6 35. Rc1 Qe5 36. Rfe1 Qd4+ 37. Kh1 Nd6 38. Rcd1 Qe5 39. Nc3 Re7 40. Nd5 Re6 1/2-1/2